| 000 | 00792nam a22002177a 4500 | ||
|---|---|---|---|
| 999 |
_c16087 _d16087 |
||
| 003 | AR-CdUCM | ||
| 008 | 190403b ||||| |||| 00| 0 spa d | ||
| 020 | _a9972-716-79-1 | ||
| 040 |
_aMUNICIPALIDAD PROVINCIAL DEL CUSCO _cBIBLIOTECA MUNICIPAL DEL CUSCO |
||
| 082 |
_aES / 370.3 / _bC86 |
||
| 100 |
_aColchado Mejía, Patricia. _935364 |
||
| 245 |
_aRazonamiento Verbal : _b3ro de primaria / |
||
| 260 |
_aLima : _bSan Marcos. _c2004. |
||
| 300 |
_a95 páginas ; _c28 cm |
||
| 505 | _aContenido: El jilguero empeñoso -- Los dos amigos -- El niño que ayudo a Luis -- Caminito de la escuela -- La canción del niño campesino ... | ||
| 650 |
_aLecturas _96094 |
||
| 650 |
_aR. V. _928398 |
||
| 650 |
_aEducación secundaria _94648 |
||
| 942 |
_2ddc _cLIBROS |
||
| 945 |
_arum _d2019-05-02 |
||